Cities in Disputes #2 - Statistics

General Stats
  • This quiz has been taken 20 times
    19 since last reset
  • The average score is 11 of 20
Answer Stats
City Answer Type Answer % Correct
Nanjing Administered by P.R.China
100%
Nanjing Claimed by R.O.China
94%
Kherson Claimed by Russia
88%
Kherson Administered by Ukraine
88%
Sukhumi Claimed by Georgia
63%
Hargeisa Claimed by Somalia
63%
Hargeisa Administered by Somaliland
63%
Sukhumi Administered by Abkhazia
56%
Tawang Administered by India
50%
Tawang Claimed by P.R.China / R.O.China
50%
Famagusta Claimed by Cyprus
44%
Quneitra Administered by Israel
44%
Famagusta Administered by Northern Cyprus
44%
Quneitra Claimed by Syria
44%
San Andrés Administered by Colombia
38%
San Andrés Claimed by Nicaragua
38%
Skardu Claimed by India
25%
Skardu Administered by Pakistan
25%
Anna Regina Administered by Guyana
19%
Anna Regina Claimed by Venezuela
19%
No matching quizzes found
Score Distribution
Percent of People with Each Score
Percentile by Number Answered
Your Score History
You have not taken this quiz since the last reset